| 000 | 00377nam a2200145Ia 4500 | ||
|---|---|---|---|
| 008 | 250407s9999||||xx |||||||||||||| ||und|| | ||
| 020 | _a9781032861913 | ||
| 082 |
_a302 _bJET/C |
||
| 100 | _aJethwaney ,Jaishri | ||
| 245 | 0 | _aCorporate Communication Concepts and Practice | |
| 250 | _a3rd Ed. | ||
| 260 |
_aOxon _bAtlantic Publishers _c2024 |
||
| 300 | _a368p. | ||
| 942 | _cBK | ||
| 999 |
_c48137 _d48137 |
||